| 000 | 00839cad a22002055a 4500 | ||
|---|---|---|---|
| 001 | L155643 | ||
| 008 | 120329s20120329xxk f 000 0 eng d | ||
| 035 | _a(Sirsi) u155643 | ||
| 041 | 0 | _aeng | |
| 110 | 2 |
_aNationwide Building Society _91019 |
|
| 245 | 0 | 0 |
_aNationwide house price index _bMarch 2012 _h[electronic resource] |
| 260 | _c2012 | ||
| 490 | 0 |
_aNationwide House Price Index _vMarch 2012 |
|
| 520 | _aUnited Kingdom house prices increased by 1% in February 2012 and 0.9% on a year on year basis. Weakness in market activity most likely reflects the end of the stamp duty holiday on 24 March. | ||
| 590 | _aKA | ||
| 651 | 4 |
_aUnited Kingdom _y |
|
| 690 |
_aResidential property _96266 |
||
| 856 | 4 | 0 |
_uhttps://www.nationwide.co.uk/hpi/historical/Mar_2012.pdf _zView this item free of charge at www.nationwide.co.uk |
| 942 | _n0 | ||
| 999 |
_c113722 _d113722 |
||